Peredača informacii po kanalam s pamiaťju

Salvato in:
Dettagli Bibliografici
Autore principale: Turin, Vielen Jakovlevič (Autore)
Natura: Libro
Lingua:russo
Pubblicazione: Moskva : Sviaz, 1977
Tags: Aggiungi Tag
Nessun Tag, puoi essere il primo ad aggiungerne!!

MARC

LEADER 00000nam a22000003a 4500
001 stu95085
005 20150617225813.6
008 050719s1977------------------------rus-d
040 |a STU  |b slo 
041 0 |a rus 
080 |a 621.311 
080 |a 681.327.8 
080 |a 681.7.068 
100 1 |a Turin, Vielen Jakovlevič  |4 aut 
245 1 |a Peredača informacii po kanalam s pamiaťju 
260 |a Moskva :  |b Sviaz,  |c 1977 
300 |a 247 s 
996 |b E40931  |c E*40931  |l EE22  |s P  |a 0  |w stu95085_0001